[Event "IND-chT (Women) 15th"]
[Site "Bhopal"]
[Date "2017.02.08"]
[Round "7.1"]
[White "Laheri, Nitya"]
[Black "Vijayalakshmi, Subbaraman"]
[Result "0-1"]
[WhiteElo "1462"]
[BlackElo "2379"]
[PlyCount "100"]
[EventDate "2017.02.02"]
[EventType "team-swiss"]
[EventRounds "7"]
[EventCountry "IND"]
[SourceTitle "CBM 176 Extra"]
[Source "ChessBase"]
[SourceDate "2017.03.02"]
[SourceVersion "1"]
[SourceVersionDate "2017.03.02"]
[SourceQuality "1"]
[WhiteTeam "Gujarat (W)"]
[BlackTeam "Air India (W)"]
[WhiteTeamCountry "IND"]
[BlackTeamCountry "IND"]

1. e4 e5 2. Nc3 Nc6 3. g3 Bc5 4. Bg2 d6 5. Na4 Nf6 6. Nxc5 dxc5 7. d3 Bg4 8. f3 Be6 9. Be3 b6 10. Ne2 Qd7 11. 0-0 Bh3 12. Qd2 h5 13. Bg5 Nh7 14. Be3 Nf8 15. f4 Bxg2 16. Kxg2 exf4 17. Nxf4 h4 18. Qf2 0-0-0 19. Rad1 f6 20. h3 hxg3 21. Qxg3 Ne6 22. Qg4 Rhe8 23. Nxe6 Rxe6 24. Bf4 Kb7 25. Bg3 Qf7 26. Rf2 Re7 27. a3 Rh8 28. c3 Rd8 29. Qf3 Kb8 30. Rdd2 Qb3 31. Qg4 a5 32. Rf5 a4 33. Qf3 Qe6 34. Rd5 Rde8 35. Qf5 Qf7 36. Qf3 Kb7 37. Rf2 Qg6 38. Qf5 Qxf5 39. Rfxf5 Kc8 40. Kf3 Re6 41. Kg4 Ne7 42. Bh4 c6 43. c4 cxd5 44. cxd5 Nxf5 45. Kxf5 Re5+ 46. Kg6 Rh8 47. Be1 Rg5+ 48. Kf7 Rxh3 49. d4 cxd4 50. Bb4 Kd7 0-1